Just Add 3-Letters Quiz Stats

 Plays Quiz Updated Apr 27, 2015

Also try: Add an Ending
Challenge
Share
Tweet
Embed
Score 0/10 Timer 01:30
8 Plays Today
% Correct
DEF
77.9%
RST
77.3%
NOP
75.1%
HIJ
73.7%
STU
72.9%
GHI
71.9%
ABC
71.5%
LMN
66.6%
MNO
62.2%
XYZ
57.7%

You're not logged in!

Compare scores with friends on all Sporcle quizzes.
OR
Log In

You Might Also Like...

Show Comments

Extras

Top Quizzes Today


Score Distribution

Your Account Isn't Verified!

In order to create a playlist on Sporcle, you need to verify the email address you used during registration. Go to your Sporcle Settings to finish the process.

Report this User

Report this user for behavior that violates our Community Guidelines.

Details: